Central Library OPAC University of Rajshahi
Normal view MARC view

Entry Corporate Name

Number of records used in: 6

001 - CONTROL NUMBER

  • control field: 859

003 - CONTROL NUMBER IDENTIFIER

  • control field: BD-RjUL

005 - DATE AND TIME OF LATEST TRANSACTION

  • control field: 20220120163208.0

008 - FIXED-LENGTH DATA ELEMENTS

  • fixed length control field: 220120|| aca||aabn | a|a d

040 ## - CATALOGING SOURCE

  • Original cataloging agency: BD-RjUL
  • Transcribing agency: BD-RjUL

110 ## - HEADING--CORPORATE NAME

  • Corporate name or jurisdiction name as entry element: Food and Agriculture Organization of the United Nations

670 ## - SOURCE DATA FOUND

  • Source citation: Work cat.: (BD-RjUL)79239: A field guide of major insect pests and diseases of different crops in Bangladesh /, 2021